| 000 | 00459 a2200181 4500 | ||
|---|---|---|---|
| 001 | 77539 | ||
| 020 | _a0805306625 | ||
| 082 | _a004 CAP | ||
| 090 |
_c39327 _d39327 |
||
| 100 | _aH L Capron | ||
| 245 |
_aComputers tools for information Age 4th/Ed _cH L Capron _hEnglish |
||
| 250 | _a4th | ||
| 260 |
_aCalifornia _bBenjamin/cummings _c1995 |
||
| 300 | _axxxii 509 | ||
| 500 | _aDOS BS Reference Books | ||
| 505 | _aGifted Books | ||
| 600 | _aComputer | ||
| 942 |
_acaenust _k004 CAP _cBS |
||
| 999 |
_c312612 _d312612 |
||